Statistics for German - Berlin Vocabulary - Theatre, Music & Museums

Click here to take the quiz!

General Stats

  • This quiz has been taken 5 times
  • The average score is 9 of 41

Answer Stats

AnswerHint% Correct
der Dirigent(en)/die Dirigentin(nen)conductor
50%
der Hauptdarsteller(−)/Hauptdarstellerin(nen)lead actor/lead actress
50%
der Regisseur(e)/die Regisseurin(nen)director
50%
der Schauspieler(−)/die Schauspielerin(nen)actor/actress
50%
der Zuschauer(−)spectator
50%
die Handlung(en)plot
50%
die Vergangenheit(en)past
50%
die Zuhörerlisteners
50%
stattfindento take place
50%
ursprünglichoriginally
50%
aufführento put on, stage
25%
das Meisterwerk(e)masterpiece
25%
das Publikum (Publika)spectators, audience
25%
das Theaterstück(e)play
25%
der Hinterhof(¨e)courtyard
25%
der Klang(¨e)sound
25%
der Verein(e)association, society
25%
der Verfremdungseffekt(e)effect of alienating the audience
25%
der Vorhang(¨e)curtain
25%
die Aufführung(en)performance
25%
die Bühne(n)stage
25%
die Sammlung(en)collection
25%
die Unterhaltung(en)entertainment
25%
die Veranstaltung(en)event
25%
(ein Instrument) beherrschento master, play expertly
25%
es geht umit is about
25%
das Bühnenbild(er)(stage) set
0%
das Lichtspieltheater(−)cinema
0%
das Sinfonieorchester(−)symphony orchestra
0%
der Dramaturg(en)/die Dramaturgin(nen)literary and artistic director
0%
der Kapellmeister(−)band leader, conductor, musical director (theatre)
0%
der Leckerbissen(−)delicacy
0%
die Bearbeitung(en)arrangement, adaptation
0%
die Besetzung(en)cast
0%
die Kulisse(n)scenery
0%
die Not(¨e)need, hardship
0%
die Staatskapelle(n)national orchestra/band
0%
die Uraufführung(en)premiere, first night
0%
Hab und Gut (coll)belongings
0%
in Szene setzento stage
0%
sich handeln umto be about
0%

Score Distribution

Percentile by Number Answered

Percent of People with Each Score

Your Score History

You have not taken this quiz